000 01186nam a2200205Ia 4500
003 Ost
005 20260507075637.0
008 260507s9999||||xx |||||||||||||| ||und||
040 _cfsecg
041 _aara
082 _a658.404
100 _aحمندي، قاسم ناجي
_eمؤلف
245 0 _aمدخل نظري وتطبيقي في أسس أعداد دراسات الجدوى وتقييم المشروعات :
_bالجوانب المالية /
_c قاسم ناجي حمندي
260 _aعمان:
_bدار المناهج للنشر والتوزيع,
_c2000
300 _a338 صفحة؛
_bإيضاحات ؛
_c24 سم
520 _aالتكاليف الإستثمارية والتقييم التجاري والإقتصادي- تحليل حجم التكاليف الإستثمارية والتشغيلية- تحليل الأسعار وعوائد المشروع- تحليل الربحية التجارية وقياس ربحية الإستثمارات والربحية المالية- التقييم الإقتصادي والإجتماعي للمشروعات الإستثمارية
653 _aالإستثمار
653 _aتقييم المشاريع
942 _cكتاب
999 _c45319
_d45319